Training and supervision for counselling in action / (Record no. 331015)

000 -LEADER
fixed length control field 01477cam a2200337 a 4500
001 - CONTROL NUMBER
control field 1072776
003 - CONTROL NUMBER IDENTIFIER
control field NUST
005 - DATE AND TIME OF LATEST TRANSACTION
control field 20180117090030.0
008 - FIXED-LENGTH DATA ELEMENTS--GENERAL INFORMATION
fixed length control field 910221s1991 enka b 000 0 eng
010 ## - LIBRARY OF CONGRESS CONTROL NUMBER
LC control number 91052785
020 ## - INTERNATIONAL STANDARD BOOK NUMBER
International Standard Book Number 0803983352
020 ## - INTERNATIONAL STANDARD BOOK NUMBER
International Standard Book Number 0803983360 (pbk.)
040 ## - CATALOGING SOURCE
Original cataloging agency DLC
Transcribing agency DLC
Modifying agency DLC
050 00 - LIBRARY OF CONGRESS CALL NUMBER
Classification number BF637.C6
Item number T65 1991
082 00 - DEWEY DECIMAL CLASSIFICATION NUMBER
Classification number 158/.3/07 DRY
Edition number 20
245 00 - TITLE STATEMENT
Title Training and supervision for counselling in action /
Statement of responsibility, etc. edited by Windy Dryden and Brian Thorne.
260 ## - PUBLICATION, DISTRIBUTION, ETC.
Place of publication, distribution, etc. London ;
-- Newbury Park, Calif. :
Name of publisher, distributor, etc. Sage,
Date of publication, distribution, etc. 1991.
300 ## - PHYSICAL DESCRIPTION
Extent 182 p. :
Other physical details ill. ;
Dimensions 23 cm.
440 #0 - SERIES STATEMENT/ADDED ENTRY--TITLE
Title Counselling in action
9 (RLIN) 4116
504 ## - BIBLIOGRAPHY, ETC. NOTE
Bibliography, etc. note Includes bibliographical references and index.
650 #0 - SUBJECT ADDED ENTRY--TOPICAL TERM
Topical term or geographic name entry element Counseling
General subdivision Study and teaching.
9 (RLIN) 4023
650 #0 - SUBJECT ADDED ENTRY--TOPICAL TERM
Topical term or geographic name entry element Counselors
General subdivision Supervision of.
9 (RLIN) 4377
700 1# - ADDED ENTRY--PERSONAL NAME
Personal name Dryden, Windy.
9 (RLIN) 4378
700 1# - ADDED ENTRY--PERSONAL NAME
Personal name Thorne, Brian,
Dates associated with a name 1937-
9 (RLIN) 4114
856 42 - ELECTRONIC LOCATION AND ACCESS
Materials specified Publisher description
Uniform Resource Identifier <a href="http://www.loc.gov/catdir/enhancements/fy0656/91052785-d.html">http://www.loc.gov/catdir/enhancements/fy0656/91052785-d.html</a>
856 41 - ELECTRONIC LOCATION AND ACCESS
Materials specified Table of contents only
Uniform Resource Identifier <a href="http://www.loc.gov/catdir/enhancements/fy0656/91052785-t.html">http://www.loc.gov/catdir/enhancements/fy0656/91052785-t.html</a>
906 ## - LOCAL DATA ELEMENT F, LDF (RLIN)
a 7
b cbc
c orignew
d 1
e ocip
f 19
g y-gencatlg
942 ## - ADDED ENTRY ELEMENTS (KOHA)
Source of classification or shelving scheme
Koha item type Book
Holdings
Withdrawn status Lost status Source of classification or shelving scheme Damaged status Not for loan Collection code Permanent Location Current Location Shelving location Date acquired Total Checkouts Total Renewals Full call number Barcode Date last seen Date last checked out Price effective from Koha item type
            Central Library (CL) Central Library (CL) General Stacks 08/29/2017 4 1 158/.3/07 DRY S3H-C-23 03/06/2026 09/24/2025 08/29/2017 Book
© 2023 Central Library, National University of Sciences and Technology. All Rights Reserved.